| 000 | 01292nam a2200301 i 4500 | ||
|---|---|---|---|
| 003 | EG-ScBUE | ||
| 005 | 20231031124545.0 | ||
| 008 | 100623s1969 ua af b 00010 ara d | ||
| 017 | _a1969 / 2066 | ||
| 040 |
_aEG-ScBUE _bara _erda _cEG-ScBUE _dEG-ScBUE |
||
| 043 | _af-ua--- | ||
| 082 | 0 | 4 |
_222 _a962 _bظ هـ ي |
| 100 | 1 |
_915120 _aابن ظهيرة، محمد بن محمد، _d820-888 هـ.، _eمؤلف. |
|
| 245 | 1 | 2 |
_aالفضائل الباهرة في محاسن مصر والقاهرة / _cلابن ظهيرة ؛ تحقيق مصطفى السقا، كامل المهندس. |
| 264 | 1 |
_aالقاهرة : _bوزارة الثقافة، مركز تحقيق التراث، _c[1969] |
|
| 300 |
_a245 صفحة ؛ _c27 سم |
||
| 336 |
_2rdacontent _aنص _btxt |
||
| 337 |
_2rdamedia _aبدون وسيط _bn |
||
| 338 |
_2rdacarrier _aمجلد _bnc |
||
| 504 | _aيشتمل على إرجاعات ببليوجرافية وكشافات. | ||
| 650 | 7 |
_2BUEsh _aالمدن _zمصر. |
|
| 651 | 7 |
_915121 _aالقاهرة (مصر) _xوصف ورحلات. _2BUEsh |
|
| 651 | 7 |
_aالقاهرة (مصر) _xتاريخ. _2BUEsh |
|
| 655 | _vReading book | ||
| 700 | 1 |
_915122 _aالسقا، مصطفى، _eمحقق. |
|
| 700 | 1 |
_915123 _aالمهندس، كامل، _eمحقق. |
|
| 942 |
_2ddc _cBB |
||
| 999 |
_c14185 _d14185 |
||